The big one-oh / (Record no. 4433)

MARC details
000 -LEADER
fixed length control field 00998nam a22003017a 4500
001 - CONTROL NUMBER
control field 4433
003 - CONTROL NUMBER IDENTIFIER
control field FISKH
005 - DATE AND TIME OF LATEST TRANSACTION
control field 20240909082317.0
008 - FIXED-LENGTH DATA ELEMENTS--GENERAL INFORMATION
fixed length control field 240909b cb ||||| |||| 00| 0 eng d
020 ## - INTERNATIONAL STANDARD BOOK NUMBER
International Standard Book Number 9780545200370
040 ## - CATALOGING SOURCE
Original cataloging agency FISKH
Language of cataloging eng
Transcribing agency FISKH
Modifying agency FISKH
050 ## - LIBRARY OF CONGRESS CALL NUMBER
Classification number PZ7.P644
082 ## - DEWEY DECIMAL CLASSIFICATION NUMBER
Edition number 813
100 ## - MAIN ENTRY--PERSONAL NAME
Personal name Pitchford, Dean
Dates associated with a name 1951-
245 ## - TITLE STATEMENT
Title The big one-oh /
Statement of responsibility, etc. Dean Pitchford
250 ## - EDITION STATEMENT
Edition statement First printing 2009
260 ## - PUBLICATION, DISTRIBUTION, ETC.
Place of publication, distribution, etc. New York :
Name of publisher, distributor, etc. Scholastic,
Date of publication, distribution, etc. 2009.
300 ## - PHYSICAL DESCRIPTION
Extent 181 pages :
Dimensions 20 cm
505 ## - FORMATTED CONTENTS NOTE
Formatted contents note R<br/>
520 ## - SUMMARY, ETC.
Summary, etc. Determined not to be weird all his life like his neighbor, Charley Maplewood decides to throw himself a tenth birthday party, complete with a "house of horrors" theme, but first he will have to make some friends to invite.
521 8# - TARGET AUDIENCE NOTE
Target audience note 690L<br/>
Source Lexile<br/>
521 8# - TARGET AUDIENCE NOTE
Target audience note R<br/>
Source Raz-Plus<br/>
650 ## - SUBJECT ADDED ENTRY--TOPICAL TERM
Source of heading or term Birthday
Topical term or geographic name entry element Funny
Form subdivision Parties
General subdivision School
650 ## - SUBJECT ADDED ENTRY--TOPICAL TERM
Source of heading or term Fiction
Topical term or geographic name entry element Humor
Form subdivision Fiction
700 ## - ADDED ENTRY--PERSONAL NAME
Personal name Alexander, Gunta
Dates associated with a name Illustrator
942 ## - ADDED ENTRY ELEMENTS (KOHA)
Source of classification or shelving scheme Dewey Decimal Classification
Koha item type Books
Suppress in OPAC No
Holdings
Withdrawn status Lost status Source of classification or shelving scheme Damaged status Not for loan Home library Current library Shelving location Date acquired Total Checkouts Full call number Barcode Date last seen Date last checked out Copy number Price effective from Koha item type
    Dewey Decimal Classification     Footprints International School Library Network Toul Kork Campus Footprints International School Library Network Toul Kork Campus   09/09/2024 1 PIT 813 PZ7.P644 2024-1894 09/10/2024 09/10/2024 1 09/09/2024 Books